| 000 | 007850000a22002170004500 | ||
|---|---|---|---|
| 020 | _a0-8297-2573-3 | ||
| 041 | 0 | _aEspañol | |
| 082 | 0 | 4 | _aG 179.9 B64a |
| 100 | 1 | _aBolet de Fernández, Silvia | |
| 245 | 1 | 0 | _aAmigos... en las buenas y en las malas / Silvia Bolet de Fernández |
| 260 | _aMiami : Vida | ||
| 300 | _a138 páginas | ||
| 501 | _arústico | ||
| 505 | 0 | 0 | _aAgradecimientos -- Amistad, talento que se reproduce -- El poder del perdón -- Paciencia, músculo de la amistad -- Temor a los cambios -- En busca de buenos amigos -- Cuidado y restauración de la amistad |
| 650 | 1 | 4 | _aAmistad \ Virtudes \ Vida cristiana |
| 001 | 18879 | ||
| 942 | _cBK | ||
| 999 |
_c45279 _d45279 |
||
| 336 |
_atexto _btxt _2rdacontent |
||
| 337 |
_2rdamedia _asin mediación _bn |
||
| 338 |
_2rdacarrier _avolumen _bnc |
||